000
00293nam a2200109Ia 4500
008
220204s9999 xx 000 0 und d
082
_a
336.748.12(540)
_b
SIN
100
_a
SINGH, D Bright
245
0
_a
Inflationary price trends in India since 1939
260
_a
Bombay
_b
Asia
_c
1957
942
_c
BK
999
_c
20032
_d
20032